|
|
|
|
| LEADER |
00000nam0a2200000 4500 |
| 001 |
161778 |
| 005 |
20231031160025.0 |
| 020 |
|
|
|a RU
|b 91-28339
|
| 035 |
|
|
|a (RuTPU)RU\TPU\book\175432
|
| 090 |
|
|
|a 161778
|
| 100 |
|
|
|a 20090613d1990 m y0rusy5003 ca
|
| 101 |
0 |
|
|a rus
|
| 102 |
|
|
|a RU
|
| 105 |
|
|
|a a z 000zb
|
| 200 |
1 |
|
|a Мэрилин Монро
|f А. Грачев
|
| 210 |
|
|
|a Москва
|c Всесоюз. творч.-произв. об-ние "Киноцентр"
|d 1990
|
| 215 |
|
|
|a 62,[2] с.
|c ил.
|
| 600 |
|
1 |
|a Монро
|g Мэрилин
|b М.
|c настоящее имя и фамилия Норма Бейкер
|c американская киноактриса
|f 1926-1962
|2 stltpush
|3 (RuTPU)RU\TPU\pers\309
|
| 610 |
1 |
|
|a актерское искусство
|
| 610 |
1 |
|
|a кино
|
| 610 |
1 |
|
|a США
|
| 610 |
1 |
|
|a киноактеры
|
| 610 |
1 |
|
|a история
|
| 610 |
1 |
|
|a 20 век
|
| 675 |
|
|
|a 791.44.071.2(092)
|z rus
|
| 700 |
|
1 |
|a Грачев
|b А. В.
|g Алексей Владимирович
|4 070
|
| 801 |
|
0 |
|a RU
|b RuMRKP
|c 19950417
|g psbo
|
| 801 |
|
1 |
|a RU
|b 63413507
|c 20090613
|g PSBO
|
| 801 |
|
2 |
|a RU
|b 63413507
|c 20091225
|g PSBO
|
| 942 |
|
|
|c BK
|